书目信息 |
| 题名: |
中国银行业理财业务发展报告
|
|
| 作者: | ;中国银行业协会 编 | |
| 分册: | ||
| 出版信息: | 北京 社会科学文献出版社 2018 |
|
| 页数: | 185页 | |
| 开本: | 24cm | |
| 丛书名: | ||
| 单 册: | ||
| 中图分类: | F832.2 | |
| 科图分类: | ||
| 主题词: | 银行业务--研究报告--中国--2017 | |
| 电子资源: | ||
| ISBN: | 978-7-5201-1583-4 | |
| 000 | 00950nam0 2200241 450 | |
| 001 | 012001001054 | |
| 005 | 20140920091302.0 | |
| 010 | @a978-7-5201-1583-4@dCNY68.00 | |
| 100 | @a20180714d2018 em y0chiy50 ea | |
| 101 | 0 | @achi |
| 102 | @aCN@b110000 | |
| 105 | @ay z 000yy | |
| 106 | @ar | |
| 200 | 1 | @a中国银行业理财业务发展报告@9Zhong Guo Yin Hang Ye Li Cai Ye Wu Fa Zhan Bao Gao@e2017版@f中国银行业协会理财业务专业委员会编 |
| 210 | @a北京@c社会科学文献出版社@d2018 | |
| 215 | @a185页@d24cm | |
| 300 | @a中国银行业协会 | |
| 330 | @a本书从总体发展情况、产品开发情况、业务治理情况等八个方面,系统梳理总结了2016年中国银行业理财业务发展所取得的成绩,剖析了面临的挑战和问题,展望了未来银行理财业务发展的方向和趋势。 | |
| 606 | 0 | @a银行业务@x研究报告@y中国@z2017 |
| 690 | @aF832.2@v5 | |
| 711 | 02 | @a中国银行业协会@9Zhong Guo Yin Hang Ye Xie Hui@b理财业务专业委员会@4编 |
| 801 | 0 | @aCN@b上海新华@c20180901 |
| 905 | @b1155796-00@dF832.2@e172@f5 | |
| 中国银行业理财业务发展报告:2017版/中国银行业协会理财业务专业委员会编.-北京:社会科学文献出版社,2018 |
| 185页;24cm |
| 中国银行业协会 |
| ISBN 978-7-5201-1583-4:CNY68.00 |
| 本书从总体发展情况、产品开发情况、业务治理情况等八个方面,系统梳理总结了2016年中国银行业理财业务发展所取得的成绩,剖析了面临的挑战和问题,展望了未来银行理财业务发展的方向和趋势。 |
| ● |
| 相关链接 |
|
|
|
|
正题名:中国银行业理财业务发展报告
索取号:F832.2/172
 
预约/预借
| 序号 | 登录号 | 条形码 | 馆藏地/架位号 | 状态 | 备注 |
| 1 | 1155796 | 211557965 | 第一样本阅览室/ [索取号:F832.2/172] | 在馆 | |
| 2 | 1155797 | 211557974 | 第一借阅区/ [索取号:F832.2/172] | 在馆 | |
| 3 | 1155798 | 211557983 | 第一借阅区/ [索取号:F832.2/172] | 在馆 | |
| 4 | 1155799 | 211557992 | 第一借阅区/ [索取号:F832.2/172] | 在馆 | |
| 5 | 1155800 | 211558009 | 密集书库-海洋学院/ [索取号:F832.2/172] | 在馆 |